000 00514nam a2200181Ia 4500
005 20250326141928.0
008 250326s9999 xx 000 0 und d
037 _aTextbook
040 _aFMSL
_beng
_cFMSL
041 _aeng
_2eng
084 _aX:9583:Z M6
_qFMSL
100 _aBhatia K L
245 0 _aAdministration of workmen's compensations law
_cBhatia K L
260 _aNew Delhi
_bNew Delhi, Deep & Deep
_c1986
300 _a312p
942 _cTB
_hX:9583:Z M6
999 _c1292656
_d1292656